000 00421nam a2200145Ia 4500
008 230917s9999||||xx |||||||||||||| ||und||
040 _e205816
_aMAIN
041 _aEnglish
082 _a297.40954 P194P
100 _aPanjabi, Kavita
245 0 _aPoetics and politics of Sufism and Bhakti in South Asia: Love, loss and liberation
260 _aHyderabad
_bOrient Blackswan
_c2011
300 _ax, 305 p.
942 _cBK
999 _c175789
_d175789